Citizenship, Europe and change

Αποθηκεύτηκε σε:
Λεπτομέρειες βιβλιογραφικής εγγραφής
Κύριος συγγραφέας: Close, Paul
Μορφή: Βιβλίο
Γλώσσα:English
Δημοσίευση: Basingstoke : Macmillan, 1994
Θέματα:
Ετικέτες: Προσθήκη ετικέτας
Δεν υπάρχουν, Καταχωρήστε ετικέτα πρώτοι!

MARC

LEADER 00000nam a2200000 i 4500
001 1/7566
008 000622s1994 eng d
020 |a 0333520904 
035 |l 10062330 
040 |a GR-MY-UA  |b gre  |e aacr 
041 0 |a eng 
082 0 |a 337.142 
100 1 |a Close, Paul. 
245 1 0 |a Citizenship, Europe and change /  |c Paul Close 
260 |a Basingstoke :   |b Macmillan,   |c 1994 
300 |a xi, 335 p.  |b tables 
650 0 0 |a Citizenship  |z European Economic Community countries. 
651 0 |a European Economic Community countries  |x Politics and government. 
852 |a INST  |b LESVOS  |e 20000622  |h 337.142 CLO  |p 005100023267  |q 005100023267  |t BK  |y 0 
909 |a Λ  |b 076787 
922 |a 1ΕΛΗ  |b 200003  |c ΚΠΣ/ΤΚ  |d ΠΑΠΑΣΩΤΗΡΙΟΥ 
950 |a 103-1998-07-27 
970 |z 2000/06/ΟΙΚΟΝΟΜΟΠΟΥΛΟΥ ΧΡΙΣΤΙΝΑ